| 000 | 00456nam a2200169Ia 4500 | ||
|---|---|---|---|
| 001 | 9820 | ||
| 008 | 170206s2001 ii g b000 u 491 u | ||
| 082 | _a891.22 | ||
| 100 |
_aSharma,Ram.Murti, _eAuthor. |
||
| 245 | 0 |
_aAbhigyanSakuntalam / _cRam Murti Sharma. _hTextual Documents |
|
| 250 | _a1st ed. / | ||
| 260 |
_aDelhi : _bEstern Book Depo , _c2001. |
||
| 300 |
_a341p. ; _c22cm. |
||
| 653 | _aSanskrit drama | ||
| 653 | _aMS-Education | ||
| 942 |
_2ddc _cBK |
||
| 999 |
_c9807 _d9807 |
||